Central Library OPAC University of Rajshahi

Economic essays in honor of Wesley Clair Mitchell (Record no. 42946)

MARC details
000 -LEADER
fixed length control field 00629cam a2200217u 4500
001 - CONTROL NUMBER
control field 42946
003 - CONTROL NUMBER IDENTIFIER
rucl marc code BD-RjUL
005 - DATE AND TIME OF LATEST TRANSACTION
control field 20211209053624.0
008 - FIXED-LENGTH DATA ELEMENTS--GENERAL INFORMATION
fixed length control field 160618s1968 nyuc 000 0 eng
035 ## - SYSTEM CONTROL NUMBER
System control number (BD-RjUL)43064
040 ## - CATALOGING SOURCE
Original cataloging agency DLC
Transcribing agency CarP
Modifying agency DLC
Language of cataloging eng
041 ## - LANGUAGE CODE
Language code of text/sound track or separate title eng
082 ## - DEWEY DECIMAL CLASSIFICATION NUMBER
Edition number 22
Classification number 330
Author mark and year ECO 1968
245 10 - TITLE STATEMENT
Title Economic essays in honor of Wesley Clair Mitchell
260 ## - PUBLICATION, DISTRIBUTION, ETC. (IMPRINT)
Place of publication, distribution, etc. New York,
Name of publisher, distributor, etc. Russell & Russell
Date of publication, distribution, etc. [1968]
300 ## - PHYSICAL DESCRIPTION
Pagination ix, 516 p. :
Illustrations ill. ;
Size 25 cm.
650 #0 - SUBJECT ADDED ENTRY--TOPICAL TERM
Topical term or geographic name as entry element Economics.
9 (RLIN) 131888
700 1# - ADDED ENTRY--PERSONAL NAME
Personal name Mitchell, Wesley C.
Fuller form of name (Wesley Clair),
Dates associated with a name 1874-1948.
942 ## - ADDED ENTRY ELEMENTS (KOHA)
Source of classification or shelving scheme Dewey Decimal Classification
Koha item type Books
Holdings
Lost status Source of classification or shelving scheme Damaged status Not for loan Collection code Permanent Location Current Location Shelving location Date acquired Total Checkouts Full call number Date last seen Copy number Koha item type Source of acquisition
  Dewey Decimal Classification     Non-fiction Central Library, University of Rajshahi Central Library, University of Rajshahi   01/08/1985   330 ECO 1968 18/06/2016 C-2 Books  
  Dewey Decimal Classification     Non-fiction Central Library, University of Rajshahi Central Library, University of Rajshahi   12/04/1987   330 ECO 1968 04/09/2016 C-3 Books Asia Foundation